000 01240nca a2200337 a 4500
999 _c359639
_d359639
003 BLK
005 20240521133517.0
008 180414c bul|r|ner|||| 00| c0bul d
010 _aNOT00001779001
040 _aBLK
041 _aBUL
_cBUL
080 _aВокална музика
_b784
_z784
100 _aХаджиев, Парашкев Тодоров
_d1912-1992
_gКомпозитор, педагог
_9246272
139 _aХаджиев, Парашкев Тодоров
_bХ 15
245 1 0 _aДве песни
_cПарашкев Хаджиев; текст Младен Исаев.
_bПриспивна песен. Хайдушки гроб.
257 _aBGR
260 _9209548
_aСофия
_bНаука и изкуство
_c1954
_n978-954-02-
300 _a7 с.
_c30 см
380 _a7
650 7 _9166108
_aПесни
653 7 _9184164
_aглас
653 7 _9193730
_aпиано
700 _aИсаев, Младен
_eтекст
_91581
773 _0305539
_9657300
_tДържавен ансамбъл за народни песни и танци
852 _aЦб М ІІ 280
942 _cNOT
_n0
_s1
944 _aCR
_c2020-05-04
_k30535
_lХристина Везирева
999 _d355347
999 _d355347
999 _d305540